banner-ar

SAUND BLASTER FACILE ET LE MULTIMEDIA / (Record no. 22716)

MARC details
000 -الفاتح
حقل البيانات ثابتة الطول 00580nam a2200205Ia 4500
008 - عناصر البيانات ثابتة الطول - معلومات عامة
حقل البيانات ثابتة الطول 140319s9999 xx 000 0 eng d
040 ## - مصدر الفهرسة
وكالة الفهرسة الأصلية GCL /
وكالة النسخ GCL
082 04 - رقم تصنيف ديوى العشرى
رقم التصنيف 006.45
رقم المادة L S
100 1# - المدخل الرئيسى - إسم شخصى
الإسم الشخصى LOVINFOSSE, JEAN-PIERRE
245 10 - بيان العنوان
العنوان SAUND BLASTER FACILE ET LE MULTIMEDIA /
بيان المسئوليه,etc LOVINFOSSE, JEAN-PIERRE
260 ## - PUBLICATION, DISTRIBUTION, ETC. (IMPRINT)
تاريخ النشر أو التوزيع 1993
300 ## - الوصف المادى
التعداد 370 P
490 ## - بيان السلسلة
عنوان السلسلة MARABOUT
رقم المجلد/ التعيين التسلسلي 0
650 04 - المدخل الاضافى بالموضوع-مصطلح موضوعى
مصطلح موضوعي COMPUTER SOFTWARE
650 04 - المدخل الاضافى بالموضوع-مصطلح موضوعى
مصطلح موضوعي MS - DOS ( COMPUTER OPERATING SYSTEM )
650 04 - المدخل الاضافى بالموضوع-مصطلح موضوعى
مصطلح موضوعي COMPUTER PROGRM
650 04 - المدخل الاضافى بالموضوع-مصطلح موضوعى
مصطلح موضوعي MULTIMEDIA
942 ## - عناصر المدخل الإضافي( كوها)
مصدر التصنيف او مخطط الترفيف Dewey Decimal Classification
Koha [default] item type كتاب
260 ## - PUBLICATION, DISTRIBUTION, ETC. (IMPRINT)
-- [S.N] :
-- MARABOUT UNIVERSITE ،
Holdings
حالة التراجع حالة الفقد حالة تلف ليس للاعارة المكان المؤقت الموقع الحالى تاريخ الاكتساب اجمالي اﻻعارات رقم الطلب الباركود تاريخ اخر مشاهدة تاريخ تفعيل السعر نوع وعاء كوها
        مكتبة القاهرة الكبرى مكتبة القاهرة الكبرى 03/26/2014   006.45\L S 41027 03/26/2014 03/26/2014 كتاب

Powered By

EGPV